000 00839nam a22002415i 4500
001 176400
003 ES-MaACL
005 20230906220052.0
008 110113s1964 sp a |||| | spa d
080 _a616.61
100 1 _aDérot, Maurice.
_943790
245 1 4 _aLas consultas diarias en nefrología /
_cpor M. Dérot y Ph. Prunier ; versión española de J. Tarruela Martínez de Eguilaz.
260 _aBarcelona :
_bToray-Masson,
_cD. L. 1964.
300 _aX, 152 p. :
_bil. bl. y n. ;
_c22 cm.
490 1 _aLas consultas diarias ;
_v4
500 _aÍndice.
650 0 4 _aRiñones-
_xEnfermedades.
_916914
700 1 _aPrunier, Ph.
_9144707
700 0 _aTarruella Martínez de Eguilaz, J.
_9109350
830 0 _aLas consultas diarias ;
_v4
_9190025
852 _aES-MaACL
_jE-14033
_xOlim P-210-Ter
999 _c176400
_d176400